Albéniz (Record no. 89418)

MARC details
000 -LEADER
campo de control de longitud fija 00980nam a2200253 i 4500
001 - NÚMERO DE CONTROL
campo de control 89418
003 - IDENTIFICADOR DE NÚMERO DE CONTROL
campo de control ES-MaACL
005 - FECHA Y HORA DE LA ÚLTIMA TRANSACCIÓN
campo de control 20250901021459.0
007 - CAMPO FIJO DE DESCRIPCIÓN FÍSICA--INFORMACIÓN GENERAL
campo de control de longitud fija t|
008 - DATOS DE LONGITUD FIJA--INFORMACIÓN GENERAL
campo de control de longitud fija 050110s1958 sp ||||1| spa d
100 1# - ENTRADA PRINCIPAL--NOMBRE DE PERSONA
Nombre de persona Laplane, Gabriel.
9 (RLIN) 70164
245 10 - MENCIÓN DEL TÍTULO
Título Albéniz
Resto del título : su vida y su obra /
Mención de responsabilidad, etc. Gabriel Laplane ; prólogo de Francis Poulenc ; epílogo de Federico Sopeña ; [traducción de Bernabé Herrero y Alberto de Michelena ; apéndice discográfico de Antonio Odriozola].
250 ## - MENCION DE EDICION
Mención de edición [1ª ed.].
260 ## - PUBLICACIÓN, DISTRIBUCIÓN, ETC.
Lugar de publicación, distribución, etc. Barcleona :
Nombre del editor, distribuidor, etc. Noguer,
Fecha de publicación, distribución, etc. [1958] (
Fabricante Imp. Moderna)
300 ## - DESCRIPCIÓN FÍSICA
Extensión 240 p., 11 lám. ;
Dimensiones 21 cm.
600 17 - PUNTO DE ACCESO ADICIONAL DE MATERIA--NOMBRE DE PERSONA
Nombre de persona Albéniz, Isaac,
Fechas asociadas al nombre 1860-1909
Fuente del encabezamiento o término embne
9 (RLIN) 19261
700 1# - ENTRADA AGREGADA--NOMBRE PERSONAL
Nombre de persona Poulenc, Francis.
9 (RLIN) 93439
700 1# - ENTRADA AGREGADA--NOMBRE PERSONAL
Nombre de persona Sopeña Ibáñez, Federico,
Fechas asociadas al nombre 1917-1991
9 (RLIN) 107321
700 1# - ENTRADA AGREGADA--NOMBRE PERSONAL
Nombre de persona Herrero, Bernabé.
9 (RLIN) 63260
700 1# - ENTRADA AGREGADA--NOMBRE PERSONAL
Nombre de persona Michelena, Alberto de.
9 (RLIN) 80914
700 1# - ENTRADA AGREGADA--NOMBRE PERSONAL
Nombre de persona Odriozola, Antonio.
9 (RLIN) 86534
852 ## - LOCALIZACIÓN
Ubicación ES-MaACL
Número de control de estantería C-13804
Sublocalización o colección R.41617
Holdings
Estatus retirado Estado de pérdida Estado de daño No para préstamo Biblioteca de origen Biblioteca actual Ubicación en estantería Fecha de adquisición Fuente de adquisición Total de préstamos Signatura topográfica completa Código de barras Visto por última vez Precio de reemplazo Tipo de ítem Koha
        Biblioteca del Ateneo de Madrid Biblioteca del Ateneo de Madrid Sala Palomar 17/01/2008     C-13804 1093387 15/07/2023 23/02/2023 Libro impreso